Statistics for Largest Cities In Utah

Click here to take the quiz!

General Stats

  • This quiz has been taken 45 times
  • The average score is 7 of 10

Answer Stats

Pop.City% Correct
200,544Salt Lake City
100%
117,335Provo
97%
87,031Ogden
87%
136,170West Valley City
80%
97,839Orem
77%
113,905West Jordan
77%
84,405St. George
60%
96,145Sandy
57%
76,691Layton
50%
70,954South Jordan
43%

Score Distribution

Percentile by Number Answered

Percent of People with Each Score

Your Score History

You have not taken this quiz